Interactive television and instruction : a guide to technology, technique, facilities design, and classroom management
Αποθηκεύτηκε σε:
| Κύριος συγγραφέας: | |
|---|---|
| Μορφή: | Βιβλίο |
| Γλώσσα: | English |
| Δημοσίευση: |
Englewood Cliffs, N.J. :
Educational Technology Publications,
c1993
|
| Θέματα: | |
| Ετικέτες: |
Προσθήκη ετικέτας
Δεν υπάρχουν, Καταχωρήστε ετικέτα πρώτοι!
|
MARC
| LEADER | 00000nam a2200000 i 4500 | ||
|---|---|---|---|
| 001 | 1/73817 | ||
| 008 | 980605s1993 eng d | ||
| 020 | |a 0-87778-252-0 | ||
| 035 | |l 10031620 | ||
| 035 | |a 1995 |b 3 |c Μεϊμάρης | ||
| 040 | |a GR-MY-UA |b gre |e aacr | ||
| 041 | 0 | |a eng | |
| 082 | 0 | |a 371.3358 |2 (20) | |
| 100 | 1 | |a Lochte, Robert H. | |
| 245 | 1 | 0 | |a Interactive television and instruction : |b a guide to technology, technique, facilities design, and classroom management / |c Robert H. Lochte |
| 260 | |a Englewood Cliffs, N.J. : |b Educational Technology Publications, |c c1993 | ||
| 300 | |a xiv, 136 p.; |b ill.; |c 24 cm | ||
| 504 | |a Includes bibliographical references and index | ||
| 650 | 0 | 0 | |a Television in education. |
| 650 | 0 | 0 | |a Interactive television. |
| 852 | |a INST |b RHODES |e 19980605 |h 371.3358 LOC |p 005400011682 |q 005400011682 |t BK |y 0 | ||
| 909 | |a Ρ |b 043437 |c 1995 | ||